| 000 | 00449nam a2200157 a 4500 | ||
|---|---|---|---|
| 005 | 20140414132140.0 | ||
| 008 | 140203s19uu xx 00 eng d | ||
| 020 | _a9781846814754 | ||
| 050 |
_aREF 784.19 _bWa11 2009 |
||
| 100 | _aWade-Matthews, Max | ||
| 245 | _aWorld encyclopedia of musical instruments(The). | ||
| 260 |
_aNew York : _bSterling Pub, _cc2009. |
||
| 300 | _a256 | ||
| 650 |
_aMusical instruments- _xdictionaries |
||
| 999 |
_c115343 _d115343 |
||